000 01185cad a22002295a 4500
001 L140874
008 070907s2007 xxkd f s 000 0 eng d
035 _a(Sirsi) u140874
041 0 _aeng
050 0 4 _a333.33016 $2 18
110 2 _aInvestment Property Databank
_92288
245 0 0 _aIPD UK monthly index
_bend September 2007
_h[electronic resource]
260 _aLondon
_bIPD
_c2007
490 0 _aIPD UK Monthly Index
_vSeptember 2007
520 _aReports total returns on UK property investments have increased 7.2% over the last twelve months, compared to 12.2% for equities and 1.2% for gilts. However, total returns have declined 1.2% since the last month. Yields have declined across all sectors for the second consecutive month. The all property return now stands at 3.4%. Capital growth is down 1.6% on the previous month.
590 _aKA
650 2 4 _aIPD UK MONTHLY INDEX
651 4 _aUnited Kingdom
_y
690 _aPROPERTY-COMMERCIAL PROPERTY-COMMERCIAL PROPERTY MARKET
856 4 8 _uhttp//www.ipdglobal.com/
_zView this item free of charge at www.ipdglobal.com (see:indices and market information/indices and publications/national indices)...
942 _n0
999 _c107558
_d107558